Normal view
MARC view
- Chand.K.
Entry Personal Name
001 - CONTROL NUMBER
- control field: 5187
003 - CONTROL NUMBER IDENTIFIER
- control field: OSt
005 - DATE AND TIME OF LATEST TRANSACTION
- control field: 20180120085750.0
008 - FIXED-LENGTH DATA ELEMENTS
- fixed length control field: 180120|| aca||aabn | a|a d
040 ## - CATALOGING SOURCE
- Original cataloging agency: OSt
- Transcribing agency: OSt
100 ## - HEADING--PERSONAL NAME
- Personal name: Chand.K.
670 ## - SOURCE DATA FOUND
- Source citation: Work cat.: (OSt): Chand.K., Science in Life Today, 2008-2009